[Event "World Rapid 2018"]
[Site "St Petersburg RUS"]
[Date "2018.12.27"]
[Round "9.99"]
[White "Al Thebaiti, Ahmed M"]
[Black "Masrahi, Abdulrahman A"]
[Result "1-0"]
[WhiteTitle "CM"]
[BlackTitle "CM"]
[WhiteElo "1976"]
[BlackElo "1903"]
[WhiteFideId "21502390"]
[BlackFideId "21501564"]
[EventDate "2018.12.26"]

1. Nf3 d5 2. d4 Nf6 3. e3 Bf5 4. b3 e6 5. Bb2 Nbd7 6. Be2 Bd6 7. O-O Ne4 8. Nbd2
Qf6 9. c4 c6 10. cxd5 exd5 11. Nxe4 dxe4 12. Nd2 O-O 13. Nc4 Bc7 14. Rc1 Qh6 15.
g3 Nf6 16. Ne5 Nd5 17. a3 Rad8 18. Bg4 Bxg4 19. Qxg4 f5 20. Qe2 Qh3 21. Rfe1 Rd6
22. Qf1 Qh5 23. Qg2 Kh8 24. b4 a6 25. Kh1 Kg8 26. f4 exf3 27. Qxf3 Qxf3+ 28.
Nxf3 Re6 29. Ne5 Bxe5 30. dxe5 Ne7 31. Rcd1 Ng6 32. Rd7 Rf7 33. Rd8+ Rf8 34. Rd7
Re7 35. Red1 Rfe8 36. e6 Kf8 37. Bd4 Rxe6 38. Rxb7 R8e7 39. Bc5 Kf7 40. Bxe7
Rxe7 41. Rdd7 Rxd7 42. Rxd7+ Ke6 43. Ra7 Ne5 44. Rxa6 Kd5 45. Ra5+ Ke6 46. Rc5
Kd6 47. a4 g6 48. a5 Nd7 49. Rc4 c5 50. bxc5+ Nxc5 51. Rb4 Kc7 52. Kg2 g5 53.
Rb5 Kc6 54. Rb6+ Kc7 55. Rh6 1-0

[Event "World Rapid 2018"]
[Site "St Petersburg RUS"]
[Date "2018.12.27"]
[Round "9.100"]
[White "Yeritsyan, Aram"]
[Black "Al Turky, Fahad A"]
[Result "1-0"]
[WhiteTitle "FM"]
[WhiteElo "2372"]
[BlackElo "1836"]
[WhiteFideId "34161047"]
[BlackFideId "21500401"]
[EventDate "2018.12.26"]

1. e4 c5 2. Nf3 Nc6 3. d4 cxd4 4. Nxd4 e5 5. Nb5 d6 6. N1c3 Nf6 7. Bg5 Be7 8.
Bxf6 gxf6 9. Nd5 O-O 10. Nxe7+ Qxe7 11. Qxd6 Qxd6 12. Nxd6 Nd4 13. O-O-O Rd8 14.
Nxc8 Raxc8 15. c3 Ne6 16. Rxd8+ Rxd8 17. g3 Nc5 18. f3 a6 19. Be2 b5 20. Rd1
Rxd1+ 21. Kxd1 Kf8 22. Kc2 Ke7 23. b4 Ne6 24. a4 Nc7 25. Kb3 Kd6 26. c4 Ne6 27.
c5+ Kc6 28. axb5+ axb5 29. Kc3 Nd4 30. Bd1 h6 31. Kd3 Ne6 32. Bb3 Ng5 33. f4
exf4 34. gxf4 Ne6 35. Bxe6 fxe6 36. Ke3 f5 37. exf5 exf5 38. Kd4 1-0

[Event "World Rapid 2018"]
[Site "St Petersburg RUS"]
[Date "2018.12.27"]
[Round "9.101"]
[White "Ahmed, Hassan Abdillahi"]
[Black "khayat, Abdullah F"]
[Result "1-0"]
[WhiteElo "1570"]
[BlackElo "1723"]
[WhiteFideId "32500033"]
[BlackFideId "21500460"]
[EventDate "2018.12.26"]

1. d4 Nf6 2. c4 d6 3. Nc3 g6 4. e4 Bg7 5. Nf3 O-O 6. Be2 a5 7. O-O Na6 8. a3 Nd7
9. Be3 e5 10. d5 Ndc5 11. Qc2 f5 12. Bg5 Qe8 13. b4 axb4 14. axb4 Nxb4 15. Qb2
Rxa1 16. Rxa1 Nba6 17. Nd2 h6 18. Be3 f4 19. Bxc5 Nxc5 20. Nb5 Qe7 21. f3 g5 22.
Na7 Bd7 23. Nb3 Nxb3 24. Qxb3 b6 25. Nb5 Rc8 26. Ra7 Qd8 27. Qa3 Bxb5 28. cxb5
h5 29. h3 Bf6 30. Qa6 Kg7 31. Qxb6 Kg6 32. Qc6 Be7 33. Qb7 Kf6 34. Ra6 Rb8 35.
Qc6 Rc8 36. Qc3 h4 37. Rc6 Ra8 38. Rxc7 Ra3 39. Qc6 Qb8 40. Qd7 Qb6+ 41. Kh2 Ra1
42. Qxe7+ Kg6 43. Qe6+ 1-0

[Event "Rapid 2018"]
[Site "Saint-Petersburg"]
[Date "2018.12.27"]
[Round "10"]
[Board "2"]
[White "Yu Yangyi (CHN)"]
[Black "Artemiev Vladislav (RUS)"]
[Result "1/2-1/2"]
[BlackElo "2812"]
[WhiteElo "2758"]
[LiveChessVersion "1.4.8"]

1. d4 {[%clk 0:15:18]} Nf6 {[%clk 0:15:18]} 2. c4 {[%clk 0:15:27]} g6
{[%clk 0:15:26]} 3. Nc3 {[%clk 0:15:35]} d5 {[%clk 0:15:35]} 4. cxd5
{[%clk 0:15:43]} Nxd5 {[%clk 0:15:43]} 5. e4 {[%clk 0:15:51]} Nxc3
{[%clk 0:15:51]} 6. bxc3 {[%clk 0:16:00]} Bg7 {[%clk 0:16:00]} 7. Nf3
{[%clk 0:16:01]} c5 {[%clk 0:16:09]} 8. Be3 {[%clk 0:16:06]} O-O {[%clk 0:16:11]}
9. Be2 {[%clk 0:15:02]} b6 {[%clk 0:16:14]} 10. Rc1 {[%clk 0:14:58]} e6
{[%clk 0:16:01]} 11. O-O {[%clk 0:14:18]} Bb7 {[%clk 0:16:08]} 12. Qd3
{[%clk 0:14:17]} Nd7 {[%clk 0:15:23]} 13. Bg5 {[%clk 0:14:21]} 1/2-1/2

[Event "Rapid 2018"]
[Site "Saint-Petersburg"]
[Date "2018.12.27"]
[Round "10"]
[Board "6"]
[White "Korobov Anton (UKR)"]
[Black "Gelfand Boris (ISR)"]
[Result "1/2-1/2"]
[LiveChessVersion "1.4.8"]
[BlackElo "2715"]
[WhiteElo "2740"]

1. d4 {[%clk 0:15:18]} Nf6 {[%clk 0:15:20]} 2. c4 {[%clk 0:15:26]} e6
{[%clk 0:15:29]} 3. Nf3 {[%clk 0:15:34]} d5 {[%clk 0:15:39]} 4. Nc3
{[%clk 0:15:42]} c6 {[%clk 0:15:48]} 5. e3 {[%clk 0:15:50]} Nbd7 {[%clk 0:15:57]}
6. a3 {[%clk 0:15:57]} Bd6 {[%clk 0:15:54]} 7. Bd3 {[%clk 0:16:06]} O-O
{[%clk 0:15:40]} 8. O-O {[%clk 0:16:03]} h6 {[%clk 0:14:14]} 9. Bd2
{[%clk 0:14:30]} Re8 {[%clk 0:13:22]} 10. Qc2 {[%clk 0:12:16]} dxc4
{[%clk 0:12:44]} 11. Bxc4 {[%clk 0:12:24]} e5 {[%clk 0:12:54]} 12. dxe5
{[%clk 0:10:10]} Nxe5 {[%clk 0:13:00]} 13. Nxe5 {[%clk 0:10:18]} Bxe5
{[%clk 0:13:08]} 14. h3 {[%clk 0:09:48]} Bf5 {[%clk 0:11:53]} 15. Qxf5
{[%clk 0:09:33]} Qxd2 {[%clk 0:12:02]} 16. Rab1 {[%clk 0:09:42]} Qd7
{[%clk 0:11:29]} 17. Qc2 {[%clk 0:09:00]} Rad8 {[%clk 0:11:06]} 18. Rfd1
{[%clk 0:08:53]} Qe7 {[%clk 0:11:12]} 19. Ne2 {[%clk 0:08:35]} Rxd1+
{[%clk 0:09:05]} 20. Rxd1 {[%clk 0:08:43]} Rd8 {[%clk 0:09:14]} 21. Rxd8+
{[%clk 0:08:29]} Bd6 1/2-1/2

[Event "Rapid 2018"]
[Site "Saint-Petersburg"]
[Date "2018.12.27"]
[Round "10"]
[Board "10"]
[White "Motylev Alexander (RUS)"]
[Black "Karjakin Sergey (RUS)"]
[Result "1/2-1/2"]
[LiveChessVersion "1.4.8"]
[BlackElo "2774"]
[WhiteElo "2697"]

1. e4 {[%clk 0:15:10]} e5 {[%clk 0:15:10]} 2. Nf3 {[%clk 0:15:10]} Nc6
{[%clk 0:15:10]} 3. Nc3 {[%clk 0:15:10]} Nf6 {[%clk 0:15:10]} 4. d4
{[%clk 0:15:10]} exd4 {[%clk 0:15:10]} 5. Nxd4 {[%clk 0:15:10]} Bb4
{[%clk 0:15:10]} 6. Nxc6 {[%clk 0:15:10]} bxc6 {[%clk 0:15:10]} 7. Bd3
{[%clk 0:15:10]} O-O {[%clk 0:15:10]} 8. O-O {[%clk 0:15:10]} d5 {[%clk 0:15:10]}
9. Bd2 {[%clk 0:15:10]} Rb8 {[%clk 0:14:27]} 10. Re1 {[%clk 0:15:10]} Re8
{[%clk 0:14:06]} 11. a3 {[%clk 0:14:50]} Bf8 {[%clk 0:12:25]} 12. b4
{[%clk 0:14:32]} h6 {[%clk 0:11:47]} 13. h3 {[%clk 0:14:25]} dxe4
{[%clk 0:10:54]} 14. Nxe4 {[%clk 0:14:17]} Nxe4 {[%clk 0:10:54]} 15. Bxe4
{[%clk 0:12:44]} c5 {[%clk 0:10:54]} 16. Bf4 {[%clk 0:11:35]} Qxd1
{[%clk 0:08:30]} 17. Raxd1 {[%clk 0:11:35]} Bb7 {[%clk 0:08:29]} 18. Bxb7
{[%clk 0:08:19]} Rxe1+ {[%clk 0:08:29]} 19. Rxe1 {[%clk 0:08:19]} Rxb7
{[%clk 0:08:29]} 20. Re8 {[%clk 0:08:19]} cxb4 {[%clk 0:08:29]} 21. axb4
{[%clk 0:08:19]} Rxb4 {[%clk 0:06:13]} 22. Bxc7 {[%clk 0:07:57]} Rd4
{[%clk 0:06:13]} 23. Ra8 {[%clk 0:06:07]} f6 {[%clk 0:06:12]} 24. Rxa7
{[%clk 0:04:51]} Rc4 {[%clk 0:06:02]} 25. Bb6 {[%clk 0:04:19]} 1/2-1/2

[Event "Rapid 2018"]
[Site "Saint-Petersburg"]
[Date "2018.12.27"]
[Round "10"]
[Board "13"]
[White "Sargissian Gabriel (ARM)"]
[Black "Guseinov Gadir (AZE)"]
[Result "1/2-1/2"]
[LiveChessVersion "1.4.8"]
[BlackElo "2732"]
[WhiteElo "2674"]

1. d4 {[%clk 0:15:18]} Nf6 {[%clk 0:15:14]} 2. Nf3 {[%clk 0:15:26]} g6
{[%clk 0:15:23]} 3. Bg5 {[%clk 0:15:34]} Bg7 {[%clk 0:15:32]} 4. e3
{[%clk 0:15:27]} d6 {[%clk 0:15:36]} 5. Be2 {[%clk 0:15:25]} O-O {[%clk 0:15:42]}
6. O-O {[%clk 0:15:33]} Nbd7 {[%clk 0:15:50]} 7. a4 {[%clk 0:15:24]} b6
{[%clk 0:15:53]} 8. Nbd2 {[%clk 0:15:18]} a6 {[%clk 0:15:32]} 9. Bd3
{[%clk 0:14:42]} e5 {[%clk 0:15:00]} 10. c3 {[%clk 0:14:32]} h6 {[%clk 0:14:32]}
11. Bh4 {[%clk 0:14:35]} Qe8 {[%clk 0:14:25]} 12. e4 {[%clk 0:14:30]} Nh5
{[%clk 0:14:31]} 13. Re1 {[%clk 0:14:36]} Nf4 {[%clk 0:13:53]} 14. Bf1
{[%clk 0:14:42]} Nf6 {[%clk 0:11:07]} 15. Qc2 {[%clk 0:14:27]} N6h5
{[%clk 0:10:59]} 16. dxe5 {[%clk 0:13:47]} dxe5 {[%clk 0:11:07]} 17. Nc4
{[%clk 0:13:55]} Bg4 {[%clk 0:09:15]} 18. Nfd2 {[%clk 0:13:58]} Qc6
{[%clk 0:08:50]} 19. Ne3 {[%clk 0:13:41]} Be6 {[%clk 0:09:00]} 20. Bc4
{[%clk 0:12:59]} b5 {[%clk 0:08:11]} 21. Bxe6 {[%clk 0:12:08]} Qxe6
{[%clk 0:08:19]} 22. b4 {[%clk 0:11:02]} Bf6 {[%clk 0:08:18]} 23. Bxf6
{[%clk 0:10:18]} Nxf6 {[%clk 0:08:03]} 24. Nb3 {[%clk 0:09:43]} Qc6
{[%clk 0:07:35]} 25. Nc5 {[%clk 0:08:59]} Ne6 {[%clk 0:06:49]} 26. Nd5
{[%clk 0:07:46]} Nxd5 {[%clk 0:05:52]} 27. exd5 {[%clk 0:07:53]} Qxd5
{[%clk 0:06:01]} 28. Rad1 {[%clk 0:07:14]} Qc6 {[%clk 0:05:50]} 29. Rxe5
{[%clk 0:06:43]} Rfe8 {[%clk 0:05:59]} 30. axb5 {[%clk 0:05:36]} 1/2-1/2

[Event "Rapid 2018"]
[Site "Saint-Petersburg"]
[Date "2018.12.27"]
[Round "10"]
[Board "15"]
[White "Timofeev Artyom (RUS)"]
[Black "Sjugirov Sanan (RUS)"]
[Result "1-0"]
[LiveChessVersion "1.4.8"]
[BlackElo "2722"]
[WhiteElo "2668"]

1. c4 {[%clk 0:15:16]} c5 {[%clk 0:15:17]} 2. g3 {[%clk 0:15:09]} g6
{[%clk 0:15:21]} 3. Bg2 {[%clk 0:15:16]} Bg7 {[%clk 0:15:30]} 4. Nc3
{[%clk 0:15:21]} Nc6 {[%clk 0:15:35]} 5. e3 {[%clk 0:15:27]} Nh6 {[%clk 0:13:49]}
6. Nge2 {[%clk 0:15:31]} Nf5 {[%clk 0:13:57]} 7. O-O {[%clk 0:15:33]} d6
{[%clk 0:13:49]} 8. b3 {[%clk 0:15:34]} O-O {[%clk 0:12:44]} 9. Bb2
{[%clk 0:15:41]} Bd7 {[%clk 0:12:32]} 10. d3 {[%clk 0:15:46]} a6 {[%clk 0:12:26]}
11. Qd2 {[%clk 0:15:44]} Rb8 {[%clk 0:12:33]} 12. Nd5 {[%clk 0:14:55]} Bxb2
{[%clk 0:11:53]} 13. Qxb2 {[%clk 0:15:03]} b5 {[%clk 0:12:01]} 14. Qd2
{[%clk 0:14:08]} a5 {[%clk 0:11:29]} 15. Rfd1 {[%clk 0:12:24]} Re8
{[%clk 0:08:51]} 16. cxb5 {[%clk 0:09:40]} Rxb5 {[%clk 0:08:58]} 17. d4
{[%clk 0:09:46]} cxd4 {[%clk 0:08:38]} 18. exd4 {[%clk 0:09:39]} Rb8
{[%clk 0:08:04]} 19. Ndf4 {[%clk 0:07:52]} Nb4 {[%clk 0:05:45]} 20. Rac1
{[%clk 0:07:45]} e6 {[%clk 0:04:54]} 21. a3 {[%clk 0:05:40]} Na6 {[%clk 0:05:03]}
22. Rb1 {[%clk 0:05:48]} Qb6 {[%clk 0:04:58]} 23. Bh3 {[%clk 0:05:11]} Ne7
{[%clk 0:03:50]} 24. d5 {[%clk 0:04:50]} Nc5 {[%clk 0:01:38]} 25. dxe6
{[%clk 0:04:55]} Nxe6 {[%clk 0:00:29]} 26. Nxe6 {[%clk 0:04:22]} Bxe6
{[%clk 0:00:38]} 27. Bxe6 {[%clk 0:04:27]} fxe6 {[%clk 0:00:47]} 28. Qxd6
{[%clk 0:04:32]} Nd5 {[%clk 0:00:57]} 29. Qxb6 {[%clk 0:02:19]} Rxb6
{[%clk 0:01:06]} 30. b4 {[%clk 0:02:26]} axb4 {[%clk 0:01:11]} 31. axb4
{[%clk 0:02:34]} Reb8 {[%clk 0:01:07]} 32. b5 {[%clk 0:02:32]} Rxb5
{[%clk 0:01:03]} 33. Rxb5 Rxb5 34. Nd4 {[%clk 0:02:46]} Rb6 {[%clk 0:00:33]} 35.
Nxe6 {[%clk 0:02:49]} Rxe6 {[%clk 0:00:42]} 36. Rxd5 {[%clk 0:02:57]} Re7
{[%clk 0:00:43]} 37. g4 {[%clk 0:03:01]} Kg7 {[%clk 0:00:48]} 38. Kg2
{[%clk 0:03:08]} Ra7 {[%clk 0:00:54]} 39. Kg3 {[%clk 0:03:14]} Rb7
{[%clk 0:00:43]} 40. h4 {[%clk 0:03:20]} Ra7 {[%clk 0:00:48]} 41. h5
{[%clk 0:03:19]} Rb7 {[%clk 0:00:28]} 42. f4 {[%clk 0:02:57]} gxh5
{[%clk 0:00:20]} 43. Rxh5 {[%clk 0:03:04]} Rb1 {[%clk 0:00:19]} 44. Ra5
{[%clk 0:03:04]} Rb4 {[%clk 0:00:19]} 45. Ra7+ {[%clk 0:03:04]} Kg8
{[%clk 0:00:14]} 46. g5 {[%clk 0:03:07]} Rb6 {[%clk 0:00:15]} 47. f5
{[%clk 0:03:07]} Rb4 {[%clk 0:00:20]} 48. f6 {[%clk 0:03:04]} Rc4
{[%clk 0:00:21]} 49. Ra8+ {[%clk 0:03:03]} Kf7 {[%clk 0:00:26]} 50. Rh8
{[%clk 0:03:08]} Kg6 {[%clk 0:00:11]} 51. Rg8+ {[%clk 0:03:15]} Kf7
{[%clk 0:00:14]} 52. Rg7+ {[%clk 0:03:23]} 1-0

[Event "Rapid 2018"]
[Site "Saint-Petersburg"]
[Date "2018.12.27"]
[Round "10"]
[Board "16"]
[White "Khanin Semen (RUS)"]
[Black "Anton Guijarro David (ESP)"]
[Result "0-1"]
[LiveChessVersion "1.4.8"]
[BlackElo "2708"]
[WhiteElo "2594"]

1. e4 {[%clk 0:15:18]} e5 {[%clk 0:15:18]} 2. Nf3 {[%clk 0:15:26]} Nc6
{[%clk 0:15:25]} 3. Bb5 {[%clk 0:15:24]} a6 {[%clk 0:15:31]} 4. Ba4
{[%clk 0:15:33]} Nf6 {[%clk 0:15:37]} 5. O-O {[%clk 0:15:34]} Nxe4
{[%clk 0:15:44]} 6. d4 {[%clk 0:15:42]} b5 {[%clk 0:15:51]} 7. Bb3
{[%clk 0:15:50]} d5 {[%clk 0:15:58]} 8. dxe5 {[%clk 0:15:58]} Be6
{[%clk 0:16:06]} 9. Nbd2 {[%clk 0:16:06]} Be7 {[%clk 0:16:13]} 10. c3
{[%clk 0:16:14]} O-O {[%clk 0:16:19]} 11. Bc2 {[%clk 0:16:16]} f5
{[%clk 0:16:26]} 12. Nb3 {[%clk 0:16:20]} Qd7 {[%clk 0:16:33]} 13. Qe1
{[%clk 0:16:29]} Bf7 {[%clk 0:15:18]} 14. Nfd4 {[%clk 0:16:20]} Nxe5
{[%clk 0:15:14]} 15. f3 {[%clk 0:16:27]} Bg6 {[%clk 0:15:23]} 16. fxe4
{[%clk 0:15:57]} fxe4 {[%clk 0:15:31]} 17. Bf4 {[%clk 0:14:50]} Nc4
{[%clk 0:15:39]} 18. Rb1 {[%clk 0:12:56]} Rf7 {[%clk 0:14:26]} 19. Nd2
{[%clk 0:11:43]} Raf8 {[%clk 0:11:54]} 20. Nxc4 {[%clk 0:11:50]} bxc4
{[%clk 0:11:31]} 21. Qd2 {[%clk 0:11:53]} c5 {[%clk 0:09:23]} 22. Ne2
{[%clk 0:07:38]} d4 {[%clk 0:07:09]} 23. cxd4 {[%clk 0:07:46]} cxd4
{[%clk 0:07:19]} 24. Nxd4 {[%clk 0:07:49]} Bb4 {[%clk 0:07:08]} 25. Qe3
{[%clk 0:06:48]} Bc5 {[%clk 0:07:15]} 26. Rbd1 {[%clk 0:06:47]} Rd8
{[%clk 0:06:55]} 27. Be5 {[%clk 0:06:00]} Re7 {[%clk 0:05:52]} 28. Qg3
{[%clk 0:01:27]} Rxe5 {[%clk 0:05:32]} 29. Qxe5 {[%clk 0:01:35]} Bxd4+
{[%clk 0:05:40]} 30. Rxd4 {[%clk 0:01:39]} Qxd4+ {[%clk 0:05:48]} 31. Qxd4
{[%clk 0:01:48]} Rxd4 {[%clk 0:05:57]} 32. Rf4 {[%clk 0:01:50]} Rd2
{[%clk 0:05:11]} 33. Ba4 {[%clk 0:01:10]} Rxb2 {[%clk 0:04:39]} 34. Bc6
{[%clk 0:01:16]} Rd2 {[%clk 0:04:12]} 35. Kf1 {[%clk 0:01:11]} c3
{[%clk 0:03:43]} 36. Ba4 {[%clk 0:01:11]} h5 {[%clk 0:03:20]} 37. Bb3+
{[%clk 0:01:16]} Kh7 {[%clk 0:03:27]} 0-1

[Event "Rapid 2018"]
[Site "Saint-Petersburg"]
[Date "2018.12.27"]
[Round "10"]
[Board "17"]
[White "Saric Ivan (CRO)"]
[Black "Akopian Vladimir (ARM)"]
[Result "1-0"]
[LiveChessVersion "1.4.8"]
[BlackElo "2707"]
[WhiteElo "2661"]

1. e4 {[%clk 0:15:19]} e5 {[%clk 0:15:11]} 2. Nf3 {[%clk 0:15:28]} Nc6
{[%clk 0:15:20]} 3. Bb5 {[%clk 0:15:34]} a6 {[%clk 0:15:09]} 4. Ba4
{[%clk 0:15:43]} Nf6 {[%clk 0:15:18]} 5. O-O {[%clk 0:15:52]} Be7
{[%clk 0:15:27]} 6. Re1 {[%clk 0:16:01]} b5 {[%clk 0:15:33]} 7. Bb3
{[%clk 0:16:10]} d6 {[%clk 0:15:41]} 8. c3 {[%clk 0:16:19]} O-O {[%clk 0:15:48]}
9. h3 {[%clk 0:16:28]} Na5 {[%clk 0:15:57]} 10. Bc2 {[%clk 0:16:37]} c5
{[%clk 0:16:05]} 11. d4 {[%clk 0:16:45]} Qc7 {[%clk 0:16:13]} 12. Nbd2
{[%clk 0:16:50]} cxd4 {[%clk 0:16:20]} 13. cxd4 {[%clk 0:16:59]} Nc6
{[%clk 0:16:26]} 14. Nb3 {[%clk 0:16:00]} a5 {[%clk 0:16:28]} 15. Be3
{[%clk 0:16:05]} a4 {[%clk 0:16:35]} 16. Nbd2 {[%clk 0:16:14]} Bd7
{[%clk 0:16:37]} 17. Rc1 {[%clk 0:16:12]} Qb7 {[%clk 0:16:09]} 18. a3
{[%clk 0:15:55]} Rfe8 {[%clk 0:14:18]} 19. Bd3 {[%clk 0:14:53]} exd4
{[%clk 0:13:55]} 20. Nxd4 {[%clk 0:15:00]} Ne5 {[%clk 0:14:02]} 21. Bb1
{[%clk 0:14:26]} b4 {[%clk 0:13:59]} 22. f4 {[%clk 0:13:33]} Ng6 {[%clk 0:13:47]}
23. Qf3 {[%clk 0:13:18]} bxa3 {[%clk 0:13:19]} 24. bxa3 {[%clk 0:13:27]} Rac8
{[%clk 0:12:36]} 25. Rxc8 {[%clk 0:11:16]} Rxc8 {[%clk 0:12:28]} 26. Nf5
{[%clk 0:10:06]} Bf8 {[%clk 0:10:26]} 27. Bd4 {[%clk 0:10:05]} Bxf5
{[%clk 0:10:11]} 28. exf5 {[%clk 0:10:08]} Qxf3 {[%clk 0:10:14]} 29. Nxf3
{[%clk 0:10:16]} Nxf4 {[%clk 0:10:15]} 30. Kh2 {[%clk 0:07:53]} N4d5
{[%clk 0:08:25]} 31. Bd3 {[%clk 0:05:40]} Nf4 {[%clk 0:06:34]} 32. Bf1
{[%clk 0:05:39]} Rc2 {[%clk 0:05:58]} 33. Rb1 {[%clk 0:05:22]} Ra2
{[%clk 0:04:43]} 34. Bb2 {[%clk 0:03:12]} d5 {[%clk 0:03:43]} 35. Be5
{[%clk 0:03:21]} N4h5 {[%clk 0:03:35]} 36. Rb7 {[%clk 0:00:27]} Rxa3
{[%clk 0:03:23]} 37. Ra7 {[%clk 0:00:36]} Ne4 {[%clk 0:01:08]} 38. Bb5
{[%clk 0:00:31]} Nhf6 {[%clk 0:01:13]} 39. Ra8 {[%clk 0:00:18]} Rb3
{[%clk 0:00:24]} 40. Nd4 {[%clk 0:00:27]} Rb1 {[%clk 0:00:17]} 41. Ne6
{[%clk 0:00:22]} fxe6 {[%clk 0:00:13]} 42. fxe6 {[%clk 0:00:31]} Ng5
{[%clk 0:00:12]} 43. e7 {[%clk 0:00:37]} Ne6 {[%clk 0:00:20]} 44. Bxf6
{[%clk 0:00:44]} 1-0

[Event "Rapid 2018"]
[Site "Saint-Petersburg"]
[Date "2018.12.27"]
[Round "10"]
[Board "18"]
[White "Goganov Aleksey (RUS)"]
[Black "Cheparinov Ivan (GEO)"]
[Result "1/2-1/2"]
[LiveChessVersion "1.4.8"]
[BlackElo "2697"]
[WhiteElo "2545"]

1. d4 {[%clk 0:15:18]} Nf6 {[%clk 0:15:18]} 2. c4 {[%clk 0:15:25]} e6
{[%clk 0:15:27]} 3. Nf3 {[%clk 0:15:33]} d5 {[%clk 0:15:35]} 4. g3
{[%clk 0:15:41]} Be7 {[%clk 0:15:38]} 5. Bg2 {[%clk 0:15:48]} O-O
{[%clk 0:15:46]} 6. Nc3 {[%clk 0:15:28]} dxc4 {[%clk 0:15:53]} 7. Ne5
{[%clk 0:15:35]} Qd6 {[%clk 0:15:58]} 8. Nxc4 {[%clk 0:14:55]} Qa6
{[%clk 0:16:07]} 9. Qb3 {[%clk 0:13:32]} Nc6 {[%clk 0:15:54]} 10. e3
{[%clk 0:13:00]} Rb8 {[%clk 0:16:02]} 11. O-O {[%clk 0:11:22]} b5
{[%clk 0:14:59]} 12. Nd2 {[%clk 0:11:27]} Na5 {[%clk 0:14:07]} 13. Qc2
{[%clk 0:11:30]} c5 {[%clk 0:12:21]} 14. dxc5 {[%clk 0:11:20]} Bxc5
{[%clk 0:12:12]} 15. Nde4 {[%clk 0:09:23]} Nxe4 {[%clk 0:11:58]} 16. Nxe4
{[%clk 0:09:31]} Be7 {[%clk 0:11:57]} 17. b3 {[%clk 0:09:13]} Bb7
{[%clk 0:11:37]} 18. Qc7 {[%clk 0:07:04]} Bxe4 {[%clk 0:10:41]} 19. Bxe4
{[%clk 0:06:56]} Bf6 {[%clk 0:10:40]} 20. Rb1 {[%clk 0:06:54]} Rbc8
{[%clk 0:10:43]} 21. Qf4 {[%clk 0:06:53]} Nb7 {[%clk 0:10:18]} 22. Bb2
{[%clk 0:04:00]} Bxb2 {[%clk 0:10:09]} 23. Rxb2 {[%clk 0:04:09]} Nc5
{[%clk 0:10:01]} 24. Rd2 {[%clk 0:03:48]} Nxe4 {[%clk 0:09:01]} 25. Qxe4
{[%clk 0:03:55]} Qc6 {[%clk 0:08:52]} 1/2-1/2

[Event "Rapid 2018"]
[Site "Saint-Petersburg"]
[Date "2018.12.27"]
[Round "10"]
[Board "19"]
[White "Alekseev Evgeny (RUS)"]
[Black "Fedoseev Vladimir (RUS)"]
[Result "1-0"]
[LiveChessVersion "1.4.8"]
[BlackElo "2810"]
[WhiteElo "2650"]

1. e4 {[%clk 0:15:18]} c5 {[%clk 0:15:19]} 2. Nf3 {[%clk 0:15:26]} d6
{[%clk 0:15:28]} 3. d4 {[%clk 0:15:22]} cxd4 {[%clk 0:15:37]} 4. Nxd4
{[%clk 0:14:59]} Nf6 {[%clk 0:15:45]} 5. Nc3 {[%clk 0:15:07]} a6 {[%clk 0:15:55]}
6. a3 {[%clk 0:15:06]} b5 {[%clk 0:16:03]} 7. f3 {[%clk 0:14:07]} g6
{[%clk 0:13:40]} 8. Be3 {[%clk 0:13:58]} Bg7 {[%clk 0:13:48]} 9. Qd2
{[%clk 0:13:44]} h5 {[%clk 0:13:56]} 10. a4 {[%clk 0:12:31]} b4 {[%clk 0:11:34]}
11. Na2 {[%clk 0:10:57]} a5 {[%clk 0:11:29]} 12. c3 {[%clk 0:10:17]} bxc3
{[%clk 0:11:35]} 13. Bb5+ {[%clk 0:10:18]} Bd7 {[%clk 0:11:40]} 14. Nxc3
{[%clk 0:10:07]} O-O {[%clk 0:11:29]} 15. Qe2 {[%clk 0:08:53]} e5
{[%clk 0:08:42]} 16. Nc2 {[%clk 0:08:42]} Nc6 {[%clk 0:07:42]} 17. Rd1
{[%clk 0:07:51]} Qb8 {[%clk 0:07:30]} 18. O-O {[%clk 0:07:22]} Rc8
{[%clk 0:07:28]} 19. Rd2 {[%clk 0:06:53]} Be6 {[%clk 0:07:07]} 20. Qf2
{[%clk 0:06:13]} Bf8 {[%clk 0:05:56]} 21. Qh4 {[%clk 0:04:56]} Nh7
{[%clk 0:06:02]} 22. Nd5 {[%clk 0:04:03]} Bxd5 {[%clk 0:05:56]} 23. Rxd5
{[%clk 0:03:57]} Ne7 {[%clk 0:04:58]} 24. Rd2 {[%clk 0:04:06]} d5
{[%clk 0:04:45]} 25. exd5 {[%clk 0:04:11]} Nf5 {[%clk 0:03:42]} 26. Qf2
{[%clk 0:04:12]} Qd6 {[%clk 0:03:48]} 27. Kh1 {[%clk 0:03:40]} Rab8
{[%clk 0:03:46]} 28. Rfd1 {[%clk 0:03:06]} Nf6 {[%clk 0:03:29]} 29. Bg5
{[%clk 0:02:15]} Ne8 {[%clk 0:02:35]} 30. Na3 {[%clk 0:01:07]} Qb4
{[%clk 0:02:42]} 31. Nc2 {[%clk 0:00:52]} Qb3 {[%clk 0:02:31]} 32. Na1
{[%clk 0:00:57]} Qb4 {[%clk 0:02:33]} 33. Nc2 {[%clk 0:01:05]} Qd6
{[%clk 0:01:52]} 34. Na3 {[%clk 0:01:12]} Nd4 {[%clk 0:01:04]} 35. Be3
{[%clk 0:01:15]} Bg7 {[%clk 0:01:00]} 36. Nc4 {[%clk 0:00:36]} Qb4
{[%clk 0:01:06]} 37. Bxd4 {[%clk 0:00:21]} exd4 {[%clk 0:01:16]} 38. Na3
{[%clk 0:00:29]} Qb3 {[%clk 0:01:01]} 39. Nc2 {[%clk 0:00:28]} d3
{[%clk 0:01:02]} 40. Nd4 {[%clk 0:00:23]} Qxd5 {[%clk 0:00:41]} 41. Rxd3
{[%clk 0:00:27]} Qc5 {[%clk 0:00:50]} 42. Qd2 {[%clk 0:00:25]} Nd6
{[%clk 0:00:34]} 43. Nb3 {[%clk 0:00:17]} Qf5 {[%clk 0:00:25]} 44. Rxd6
{[%clk 0:00:23]} Rc2 {[%clk 0:00:35]} 45. Qd3 {[%clk 0:00:20]} Qc8
{[%clk 0:00:26]} 46. Rd8+ {[%clk 0:00:22]} Qxd8 {[%clk 0:00:35]} 47. Qxd8+
{[%clk 0:00:31]} Rxd8 {[%clk 0:00:44]} 48. Rxd8+ {[%clk 0:00:40]} Bf8
{[%clk 0:00:53]} 49. Rd2 {[%clk 0:00:24]} Rc8 {[%clk 0:00:56]} 50. g3
{[%clk 0:00:32]} Bb4 {[%clk 0:01:06]} 51. Re2 {[%clk 0:00:40]} Kg7
{[%clk 0:01:14]} 52. Kg2 {[%clk 0:00:48]} Rd8 {[%clk 0:01:22]} 53. Nc1
{[%clk 0:00:49]} Rd1 {[%clk 0:01:27]} 54. Nd3 {[%clk 0:00:58]} Bd6
{[%clk 0:01:31]} 55. f4 {[%clk 0:01:05]} 1-0